000 00321nam a22001457a 4500
008 211014b ||||| |||| 00| 0 eng d
020 _a9780060915537
041 _aeng
080 _a159.9
082 _a159.9
100 _a48
101 _aPSI
245 _aSurviving an Eating Disorder
_cSiegel,M
942 _2udc
_cBK
999 _c58220
_d58220